000 00569nam a22001817a 4500
005 20251108164223.0
008 250721s1991 xx 000 0 ara d
082 1 4 _a327.40564/ازع
100 1 _aالأزعر، محمد خالد
245 1 0 _aالجماعة الأوروبية و القضية الفلسطينية /
264 1 _aعمان :
_bدار الجليل للنشر و الدراسات،
_c1991.
300 _a336ص
650 1 7 _aأوروبا
650 1 7 _aالعلاقات الدولية
650 1 7 _aفلسطين
942 _2ddc
_cBK
999 _c6720
_d6720